000 01180nam a2200241Ii 4500
003 JO-AjNU
005 20240629115845.0
008 230605s9999||||xx |||||||||||||| ||und||
040 _aJO-AjNU
_bara
_erda
_cJO-AjNU
041 _aara
050 1 4 _aKMM122 2022
100 1 _aالعمري، فارس محمود كايد
_eمعد
_965802
245 0 _aجوانب الحماية القانونية لاستخدام العلامة التجارية في بيئة التجارة الالكترونية الدولية =Aspects of Legal Trademark Protection in the International E-Commerce Environment /
_cاعداد فارس محمود كايد العمري؛ اشراف احمد فهد البطوش
264 3 1 _a 2022
300 _a99 ورقة
336 _atext
_btxt
_2rdacontent
337 _aunmediated
_bn
_2rdamedia
338 _avolume
_bnc
_2rdacarrier
500 _aرسالة جامعية(اطروحة ماجستير) جامعة عجلون الوطنية، كليةالحقوق تخصص القانون 2022
650 4 _aالعلامه التجارية-قوانين-تشريعات
_963341
700 1 _aالبطوش، أحمد فهد
_959198
_eمشرف
942 _2lcc
_cTHS
999 _c32293
_d32293